000 00521nam a2200181Ia 4500
008 090201s9999 xx 000 0 und d
010 _aKPL-67877
040 _bमराठी
041 _aमराठी
082 _a45792
_b67877
100 _aशिरीष कणेकर
245 _aमनमुराद
_cशिरीष कणेकर
250 _a1
260 _c2005
_bदिलीप प्रकाशन
300 _a264
_bमोठा
600 _aमनमुराद
942 _cBOOK
999 _c242686
_d242686